00440 2200181 4500001002100000005001500021008004100036035002000077082000800097084001400105100002300119245004300142250000600185260002900191300001200220650001400232990001200246INLIS00000000000006820240502103616240502 0 ind  a0010-0424000044 a900 a900 AGU g aAgung Budi Raharjo1 aGeografi Kelas X /cAgung Budi Raharjo a1 aSolo :bMediatama,c2006 a286 hlm 4aNon Fiksi a0737312